000
00342nam a2200145Ia 4500
008
151213s9999 xx 000 0 und d
100
_a
G.A.Ckley
245
_a
Macroeconomic theory
_c
G.A.Ckley
260
_a
U.S.A
_b
Macmillan
_c
1961
300
_a
2752 p.
650
_a
Economics
650
_a
Economics
700
_a
G.A.Ckley
999
_c
1862
_d
1862